Przystanki linii tramwajowej 8 we Wrocławiu - Statystyki

Ogólne statystyki
  • Ten quiz został rozwiązany 39 razy
  • Średni wynik to 14 z 23
Statystyki odpowiedzi
Odpowiedź % Poprawnych
Tarnogaj
88%
Karłowice
81%
Dworzec Autobusowy
78%
Dworzec Główny
78%
Dworzec Główny
78%
Dworzec Nadodrze
75%
Wzgórze Partyzantów
72%
Kamienna
69%
Trzebnicka
69%
Bardzka
63%
Tarnogajska
59%
Rynek
56%
Gajowa
53%
Nyska
53%
Świdnicka
53%
Dubois
50%
Joannitów
50%
Klimasa
50%
Prudnicka
50%
Zamkowa
47%
Paulińska
44%
Park Staromiejski
38%
Uniwersytet Wrocławski
38%
Nie znaleziono quizów pasujących do podanych kryteriów
Rozkład punktacji
Procent ludzi z każdym wynikiem
Percentyl według liczby udzielonych odpowiedzi
Twoja historia wyników
Nie rozwiązałeś tego quizu